000 00309nam a22001337a 4500
008 170629b xxu||||| |||| 00| 0 eng d
020 _a9780205268566
041 _aeng
080 _a05
100 _a22
101 _aGJL
245 _aEXERCISES FOR UNDERSTANDING ENGLISH GRAMAR
_cKOLLN, M
942 _2udc
_cBK
999 _c19650
_d19650